[Event "Klubbmesterskapet 2014 (A)"]
[Site "Ås, Akershus NOR"]
[Date "2014.02.18"]
[Round "1"]
[White "Lea, Per"]
[Black "Flügel, Stefan"]
[Result "1/2-1/2"]
[WhiteElo "1662"]
[BlackElo "1681"]
[Annotator "Lea, Per & Flügel, Stefan"]
[PlyCount "106"]
[EventDate "2014.01.16"]

1. e4 c5 2. Nf3 Nf6 {Når spilte Stefan sist en "vanlig" variant...? Varianten
har jeg møtt 2 ganger tidligere, mot Jan Grønvold i klubbmesterskapet 1990 og
høstturneringa 1993 i Ås sjakklubb - med seier i det første og tap i det andre
(PL) Jeg kunne selvfølgelig ikke spille en hovedvariant i Sicilliansk, siden
hvit har (antakeligvis) 50 år erfaring i disse. Jeg synes 2..Sf6 er et logisk
trekk som tvinger hvit å gjøre noe med sin e-bonde. 3.e5 er det naturlige
trekk men ofte står bonden der litt utsatt (som vi ser i partiet) (SF)} 3. e5 (
{Partiet mot Grønvold i 1990 fortsatte} 3. Nc3 Nc6 4. d4 d5 5. e5 Ng4 6. dxc5
e6 7. h3 Ngxe5 8. Nxe5 Nxe5 9. Be3 {
og hvit har ingen grunn til å skryte av stillingen (PL)}) 3... Nd5 4. c4 (4. c3
) ({eller} 4. Nc3 {regnes som de mest vanlige variantene, noe som også skjedde
mot Grønvold i 1993. Fortsettelsen ble:} Nxc3 5. bxc3 e6 6. d4 Nc6 7. Bb5 Qa5
8. Bxc6 bxc6 9. Bd2 {og hvit står enda dårligere enn i 1990 og tapte så det
sang i trekk 20 etter et drepende kongeangrep. (PL)}) 4... Nb4 5. d4 {
hvit spiller i analogi til Alekhins forsvar. Men siden svart kan knuse hvits
bonderekke i sentrum med en gang er d4 ikke et like godt trekk her (SF)} cxd4
6. Nxd4 N8c6 {Truer et "uskyldig" avbytte på d4 etterfulgt av vinnende
springergaffel på c2. Hadde det skjedd, så ville jeg i hvert fall holdt ut
lenger enn i fjorårets klubbmesterskap, hvor jeg presterte å bukke offiser
etter 5 trekk (personlig "rekord", inkludert skolesjakkpartier fra
12-årsalderen) (PL)} 7. Nf3 {Bonden på e5 var fortapt,} ({
derfor var det vel bedre å bite i det sure eplet med} 7. Be3 {(PL)}) 7... Qa5 (
{Bedre enn} 7... Nxe5 8. Nxe5 Qa5 9. f4 Nc2+ 10. Kf2 Qb6+ 11. Kg3 Nxa1 12. Nc3
{som kanskje ikke ser spesielt fristende ut for hvit,men i følge Critter 1.6
er det hvit som står litt bedre her (PL)}) 8. Bd2 (8. Nc3 {
er bedre, selv om det også taper en bonde (PL)}) 8... Nxe5 9. Bc3 Nxf3+ 10.
Qxf3 Qb6 ({Å skrinlegge hvits rokadeplaner med} 10... Nc2+ 11. Kd1 Nb4 12. Na3
Qa4+ 13. Ke1 a6 {er kanskje enda bedre (PL)}) 11. Na3 e6 12. Be2 Qc6 13. O-O
Qxf3 14. Bxf3 a6 15. Rfe1 {Det virker naturlig for meg å plassere tårnet i
e-linja, blant annet fordi det er der den svarte kongen befinner seg, men å
sette det i d-linja har også sine fordeler. Svarts konge bruker jo ikke mange
trekkene på å rokere i sikkerhet. Problemet ar at a-tårnet ikke kan gå til
d-linja før Sb4 er borte. (PL)} h5 {tanken var å spille f6 etterpå og
forbedrer rokanden men hvits neste trekk forhindre det (SF)} 16. Be4 Nc6 17.
Nc2 b5 18. Nd4 (18. Rad1 {beholder likevekten,}) ({det samme gjør} 18. cxb5
axb5 19. a3 {(PL)}) 18... b4 {
Alle andre alternativer ville gitt hvit fordel (PL)} 19. Nxc6 bxc3 20. b3 $2 {
Jeg hadde sett for meg at den eneste måten svart kunne prøve å beholde bonden
på, var å dekke den med en løper på b4 - som jeg regnet med å jage bort uten
problemer. Men jeg hadde helt oversett svarts 22. trekk. (PL)} Bb7 21. Nd4 Bxe4
(21... O-O-O {er et interessant alternativt, det er slett ikke sikkert at det
er tilstrekkelig med materiell på brettet til at hvit kan få i gang et angrep
mot den luftige kongestillingen (PL)}) 22. Rxe4 Ba3 23. Rb1 O-O 24. Re3 Bc5 (
24... Bb2 25. Ne2 d5 26. Nxc3 d4 27. Rxb2 dxe3 28. fxe3 {
var mulig og trolig bedre (men det er ikke åpenbart om svart vinner det) (SF)})
25. Rd3 d5 26. cxd5 Rfd8 (26... exd5 {er sannsynligvis bedre (PL)}) 27. Ne2 ({
En enklere vei til utlikning er} 27. Nc6 Rxd5 28. Rxc3 a5 29. Rbc1 Ba3 30. Kf1
Rb5 (30... Bxc1 31. Ne7+ Kh7 32. Nxd5 Bd2 33. Rc2 Bb4 34. Nxb4 axb4 $11) 31.
Rd1 $11 {(PL)}) 27... c2 28. Rc1 Rac8 29. Rc3 (29. Rd2 Rxd5 30. Rdxc2 Rcd8 31.
g3 {ser ut til å være litt bedre for hvit, men svart har fremdeles fordelen av
en sterk løper mot en ikke altfor sterk springer (PL)}) 29... Ba3 30. R1xc2
Rxc3 31. Rxc3 Rxd5 32. g3 Rd2 33. Nf4 g6 34. Rc6 a5 35. Ra6 Bb4 (35... Bc5 {
kan lett føre til en ubalansert stilling med 4 mot 2 svarte bønder påkongefløye
n, men 0 mot 2 på dronningfløyen. (PL)}) 36. a3 Bxa3 37. Rxa5 Bd6 38. Nh3 Rb2
39. Rb5 f6 40. Rb6 Rd2 41. b4 Kf7 42. Kf1 e5 43. Ke1 Rd4 44. b5 Ke6 45. Ng1 Kd5
46. Ne2 Rd3 47. Rb7 h4 48. Nc1 $2 {Det virket ikke spesielt fristende å
splitte bøndene ved å slå på h4, men det var nok det minst dårlige
alternativet (PL)} Rd4 (48... Bb4+ 49. Ke2 Rd2+ 50. Ke3 Rc2 51. Rd7+ Ke6 52.
Rd1 {og hvit har store problemer (PL)}) 49. Nb3 Rd3 50. Nd2 f5 (50... Bb4 {
vinner ikke springeren på grunn av} 51. Rd7+ Bd6 52. Rg7 Bb4 53. Rd7+ Bd6 {(PL)
}) 51. Ke2 (51. Rg7 {med en gang var mer nøyaktig (PL)}) 51... Rd4 52. Rg7 hxg3
53. hxg3 Rb4 {med remistilbud som hvit ikke kunne avslå. Men med bare 7
minutter igjen på resten av partiet for svart (hvit: 11 minutter), er det ikke
lett å omgjøre den minimale fordelen til vinst. (PL)} 1/2-1/2

[Event "Klubbmesterskapet 2014 (A)"]
[Site "Ås, Akershus NOR"]
[Date "2014.01.16"]
[Round "1"]
[White "Kielland-Lund, Jon"]
[Black "Høva, Frode"]
[Result "1/2-1/2"]
[WhiteElo "1609"]
[BlackElo "1540"]
[PlyCount "109"]
[EventDate "2014.01.16"]

1. c4 Nf6 2. Nc3 g6 3. e4 d6 4. d4 Bg7 5. Nf3 O-O 6. Be2 e5 7. dxe5 dxe5 8.
Qxd8 Rxd8 9. Bg5 c6 10. Nxe5 Re8 11. O-O-O Na6 12. Nf3 Bg4 13. Rd2 Nc5 14. h3
Nfxe4 15. Nxe4 Nxe4 16. hxg4 Nxd2 17. Kxd2 b6 18. b3 Re4 19. Rd1 Rxg4 20. g3
Re4 21. Bd3 Re6 22. Kc2 a5 23. a4 b5 24. cxb5 cxb5 25. Bxb5 Rc8+ 26. Bc4 Re2+
27. Rd2 Re6 28. Rd8+ Rxd8 29. Bxd8 Rd6 30. Bxa5 Rf6 31. Be2 g5 32. Bd8 Rc6+ 33.
Bc4 g4 34. Ng5 Bd4 35. Nxf7 Kg7 36. a5 Bxf2 37. a6 Bxg3 38. a7 Rc8 39. Kb2 (39.
Bb6) 39... Bf2 40. Ba5 Bxa7 41. Bc3+ Kf8 42. Bb4+ Kg7 43. Bc3+ Kg6 44. Ne5+ Kf5
45. Bd3+ Kf4 46. Nxg4 h5 47. Nh2 Kg3 48. Nf1+ Kf2 49. b4 Rg8 50. Nd2 Ke3 51.
Bf5 Rg2 52. Kc2 h4 53. b5 Bb6 54. Kb3 Rxd2 55. Bxd2+ 1/2-1/2

[Event "Klubbmesterskapet 2014 (A)"]
[Site "Ås, Akershus NOR"]
[Date "2014.01.16"]
[Round "1"]
[White "Moberg, Jan Rune"]
[Black "Fuglseth, Jan"]
[Result "1-0"]
[WhiteElo "1500"]
[BlackElo "1584"]
[PlyCount "29"]
[EventDate "2014.01.16"]

1. d4 Nf6 2. Bg5 e6 3. e3 Be7 4. Bd3 d5 5. Nd2 Nbd7 6. Ngf3 c5 7. c3 h6 8. Bh4
O-O 9. Rc1 Qa5 10. Bb1 Qb5 11. Qc2 b6 12. Ne5 Ba6 13. c4 dxc4 14. Nxd7 c3 15.
Nxf6+ 1-0

[Event "Klubbmesterskapet 2014 (A)"]
[Site "Ås, Akershus NOR"]
[Date "2014.01.16"]
[Round "1"]
[White "Holm, Bjarne"]
[Black "Lange, Holger"]
[Result "0-1"]
[WhiteElo "1447"]
[BlackElo "1634"]
[PlyCount "62"]
[EventDate "2014.01.16"]

1. e4 Nf6 2. Nc3 d5 3. e5 d4 4. exf6 dxc3 5. bxc3 exf6 6. Bc4 Be7 7. Ne2 O-O 8.
O-O Nc6 9. d4 b6 10. Nf4 Bd6 11. Qf3 Bb7 12. Qh5 Ne7 13. Re1 Qd7 14. Bd3 Ng6
15. Nxg6 fxg6 16. Qh4 Rae8 17. Bb2 Qc6 18. f3 Qd7 19. c4 c6 20. Rad1 Bb4 21. c3
Be7 22. Bc2 f5 23. Qf2 Qd8 24. a4 Kh8 25. Re6 Bh4 26. Qe2 Rxe6 27. Qxe6 Re8 28.
d5 Rxe6 29. dxe6 Qe7 30. g3 Qc5+ 31. Kg2 Bf6 0-1

[Event "Klubbmesterskapet 2014 (A)"]
[Site "Ås, Akershus NOR"]
[Date "2014.01.16"]
[Round "1"]
[White "Furnes, Torstein"]
[Black "Bakken, Svein-Erik"]
[Result "1-0"]
[WhiteElo "1595"]
[BlackElo "1408"]
[Annotator "Fritz 10"]
[PlyCount "91"]
[EventDate "2014.01.16"]

1. d4 d5 2. c4 e6 3. Nc3 c5 4. cxd5 exd5 5. Nf3 Nf6 6. Bg5 Nc6 7. e3 cxd4 8.
Nxd4 Be7 9. Bb5 Bd7 10. O-O Nxd4 11. Qxd4 O-O 12. Bxf6 Bxf6 13. Qxd5 Bxb5 14.
Qxb5 Rb8 15. Rfd1 Qc8 16. Nd5 Qe6 17. Nxf6+ Qxf6 18. Rd7 a6 19. Qb3 b5 20. Rad1
Rb6 21. Qc2 Rc6 22. Qd2 h6 23. Qd4 Qe6 24. a3 Rfc8 25. h3 Rc1 26. Rd8+ Kh7 27.
Qd3+ g6 28. Rd6 Rxd1+ 29. Qxd1 Qe5 30. Qd2 Rc1+ 31. Qxc1 Qxd6 32. Qc3 Qd1+ 33.
Kh2 Qd6+ 34. f4 g5 35. Kg3 (35. Qe5 Qxe5 $2 36. fxe5 Kg6 37. e4 f5 38. exf6
Kxf6 39. Kg3 $18) 35... Qg6 36. Kf2 Qf5 37. g4 Qe6 38. Qe5 gxf4 $2 $18 (38...
Qb3) 39. Qxe6 fxe6 40. exf4 Kg6 41. Ke3 Kf6 42. Ke4 a5 43. b3 Kf7 44. Ke5 Ke7
45. h4 Kd7 46. g5 1-0

[Event "Klubbmesterskapet 2014 (A)"]
[Site "Ås, Akershus NOR"]
[Date "2014.02.20"]
[Round "2"]
[White "Flügel, Stefan"]
[Black "Bakken, Svein-Erik"]
[Result "1-0"]
[WhiteElo "1681"]
[BlackElo "1408"]
[PlyCount "63"]
[EventDate "2014.01.16"]

1. b3 d5 2. Bb2 c5 3. e3 Nc6 4. Bb5 e6 5. Nf3 Bd7 6. O-O Nf6 7. d3 Be7 8. Nbd2
O-O 9. Bxc6 Bxc6 10. Ne5 Rc8 11. f4 b5 12. Qe1 Bb7 13. Qg3 Nh5 14. Qh3 Nf6 15.
Rad1 Qb6 16. Ndf3 Rc7 17. Rf2 c4 18. Bd4 Bc5 19. Kh1 Bxd4 20. Nxd4 Rfc8 21. f5
a6 22. fxe6 fxe6 23. Rdf1 Re8 24. Qg3 Kh8 25. Ng4 Rf7 26. Nxf6 gxf6 27. Rxf6
Rxf6 28. Rxf6 Qd8 29. Qe5 Kg8 30. Rf4 Re7 31. Qg5+ Kh8 32. Qf6+ 1-0

[Event "Klubbmesterskapet 2014 (A)"]
[Site "Ås, Akershus NOR"]
[Date "2014.01.23"]
[Round "2"]
[White "Lange, Holger"]
[Black "Furnes, Torstein"]
[Result "1/2-1/2"]
[WhiteElo "1634"]
[BlackElo "1595"]
[PlyCount "70"]
[EventDate "2014.01.16"]

1. c4 e5 2. Nc3 Nf6 3. g3 Nc6 4. Bg2 Bc5 5. e3 O-O 6. Nge2 Re8 7. O-O d6 8. a3
a5 9. d4 exd4 10. exd4 Bb6 11. Bg5 h6 12. Bxf6 Qxf6 13. Nd5 Qg5 14. c5 dxc5 15.
dxc5 Bxc5 16. Nxc7 Rd8 (16... Bg4) 17. Qc1 Rb8 18. Qxg5 hxg5 19. Rac1 Bb6 20.
Nd5 Ba7 21. Nec3 Be6 22. Rfd1 Nd4 23. Re1 b5 24. b4 a4 25. Ne7+ Kf8 26. Nc6
Nxc6 27. Bxc6 Bc4 28. Nxa4 Rd2 29. Nc5 Bxc5 30. bxc5 Rc8 31. Bg2 Rxc5 32. Bf1
Rdd5 33. Re3 Bxf1 34. Rxc5 Rxc5 35. Kxf1 f5 1/2-1/2

[Event "Klubbmesterskapet 2014 (A)"]
[Site "Ås, Akershus NOR"]
[Date "2014.01.23"]
[Round "2"]
[White "Fuglseth, Jan"]
[Black "Holm, Bjarne"]
[Result "0-1"]
[WhiteElo "1584"]
[BlackElo "1447"]
[PlyCount "79"]
[EventDate "2014.01.16"]

1. c4 Nf6 2. Nc3 e6 3. Nf3 d5 4. d4 Be7 5. cxd5 exd5 6. e3 b6 7. Qc2 Bb7 8. Bd3
Nbd7 9. O-O O-O 10. Bd2 c5 11. Bf5 a6 12. Rac1 g6 13. Bh3 Ne4 14. Ne1 Nxd2 15.
Qxd2 f5 16. Nd3 Nf6 17. f3 Qc7 18. Ne2 c4 19. Ndf4 Qd6 20. Nc3 b5 (20... g5 21.
Nfe2 g4) 21. a3 Bc6 (21... g5) 22. Rfe1 a5 (22... g5) 23. Rcd1 b4 24. axb4 axb4
25. Nb1 Ra2 26. Qc1 Ba4 27. Rd2 Ra8 28. g3 Ra1 29. e4 fxe4 30. fxe4 Nxe4 31.
Be6+ Kh8 32. Bxd5 Nxd2 33. Bxa8 Qxd4+ 34. Kg2 Rxb1 35. Qxb1 Nxb1 36. Rxe7 Qd8
37. Ra7 Qd2+ 38. Kh1 Bc2 39. Bd5 Qe1+ 40. Kg2 0-1

[Event "Klubbmesterskapet 2014 (A)"]
[Site "Ås, Akershus NOR"]
[Date "2014.01.23"]
[Round "2"]
[White "Høva, Frode"]
[Black "Moberg, Jan Rune"]
[Result "0-1"]
[WhiteElo "1540"]
[BlackElo "1506"]
[Annotator "Lea, Per"]
[PlyCount "76"]
[EventDate "2014.01.16"]

1. d4 d6 2. e4 Nd7 3. Nf3 e5 4. Bc4 c6 5. O-O Be7 6. Nc3 Ngf6 7. Bg5 Qc7 8. Qe2
O-O 9. Rad1 b5 10. Bb3 a6 11. Nb1 c5 12. dxe5 dxe5 13. c4 b4 14. Nh4 g6 15. f4
Kg7 16. Nf3 h6 17. fxe5 Nxe5 (17... hxg5 18. exf6+ Bxf6 19. Qe3 g4 20. Ng5 Qe5
$19) 18. Bf4 Nxf3+ (18... Bg4 $11) 19. Qxf3 Qb6 20. Be5 (20. e5 Nh5 21. Be3 (
21. Qxa8 Bb7 22. Qxf8+ Bxf8 23. Ba4 Qe6 $15) 21... Bb7 22. Qf2 $14) 20... Qe6
21. Qf4 g5 22. Qg3 Qg4 23. Qf2 Qe6 24. Qg3 Kg8 25. Bxf6 Bxf6 26. Rd6 Bd4+ 27.
Kh1 Qe5 28. Rxh6 $2 Qxg3 29. hxg3 Kg7 30. Rh2 Be6 31. Nd2 Rh8 32. Nf3 Rxh2+ 33.
Nxh2 Rh8 34. Rd1 Bxb2 35. Rd2 Bd4 36. Rd1 Kf6 (36... Bf2 37. Rd3 g4 38. e5 a5 {
Hvit slipper opp for trekk og kan ikke forhindre at både bonden på g3 og
springeren påh2faller}) 37. Rf1+ Ke5 38. Re1 $4 Bf2 {Oppgitt} 0-1

[Event "Klubbmesterskapet 2014 (A)"]
[Site "Ås, Akershus NOR"]
[Date "2014.01.23"]
[Round "2"]
[White "Lea, Per"]
[Black "Kielland-Lund, Jon"]
[Result "1-0"]
[WhiteElo "1662"]
[BlackElo "1609"]
[Annotator "Lea, Per"]
[PlyCount "109"]
[EventDate "2014.01.16"]

1. e4 c6 2. d4 d5 3. Nc3 dxe4 4. Nxe4 Bf5 5. Ng3 Bg6 6. h4 h6 7. Nf3 Nd7 8. h5
Bh7 9. Bd3 Bxd3 10. Qxd3 e6 11. Bf4 Qa5+ 12. Bd2 Qc7 {I vårt forrige møte i
denne varianten (Høstturneringa 2012) droppet vi et trekk, dvs. at hvit spilte
løperen direkte til f4 og svart spilte dronninga til c7 - uten å gå veiene om
henholdsvis f4 og a5.} 13. O-O-O Ngf6 {
I ovennevnte parti rokerte svart i denne stillingen} 14. Ne4 O-O-O 15. g3 ({
Vanligere enn} 15. Kb1 {som skjedde forrige gang. (Hjemmeforberedelser!)
Teksttrekket er oftere representert på www.chesslive.de.}) 15... Nxe4 ({
Svart vraker ideen} 15... Nc5 16. Nxc5 Bxc5 {
som voldte hvit endel problemer forrige gang}) 16. Qxe4 Bd6 17. Rhe1 {
Chesslive har bare 8 partier med denne partifortsettelsen, og med heller
dårlig score for hvit.} (17. c4 {er det vanligste}) 17... Nf6 18. Qh4 Rhe8 19.
Ne5 ({Ingen ser det lett barnslige} 19. Bxh6 {
- kanskje vi ikke er barnslige nok?} Nxh5 20. Bg5 Nf6 21. Bxf6 gxf6 22. Qxf6 {
og hvit har en sunn merbonde}) 19... Qe7 20. Ba5 Bc7 21. Bxc7 Qxc7 22. Re3 Re7
23. g4 ({Til tross for at tidsforbruket etter 15 trekk var 11 minutter for
hvit og 2 minutter for svart, har hvit begynt å få dårlig tid. Teksttrekket er
ingen god plan, og gir avkall på den lille antydningen til en fordel som
muligens ville vært der etter} 23. Red3) 23... Nd5 24. Ra3 Kb8 25. Qg3 f6 26.
Nc4 (26. Ng6 {er Critter's førstevalg, men virker lite fristende}) 26... Qxg3
27. Rxg3 Red7 28. Rgd3 $2 (28. Rf3 {er sannsynligvis det minste av flere onder}
) 28... Nb4 ({Enda bedre er} 28... Nf4 29. R3d2 {
- begge overser minikombinasjonen} Rxd4 30. Rxd4 Ne2+ 31. Kd2 Nxd4 {
Men teksttrekket vinner også en bonde for svart}) 29. R3d2 Nxa2+ 30. Kb1 Nb4
31. c3 Nd5 32. Re1 Nc7 33. Kc2 Rd5 34. Ne3 R5d7 35. Rde2 b5 36. Ng2 Rd6 37. Nf4
Re8 {Plutselig er fordelen i ferd med å tippe over til hvit} 38. Nd3 Kb7 39. f4
Red8 40. Nc5+ Kb6 41. Nxe6 (41. b4 a6 (41... Re8 42. f5 Rd5 43. fxe6 Rg5 44.
Re4 f5 45. gxf5 Rxf5 46. Rg1 $16)) 41... Nxe6 42. Rxe6 R6d7 {
Med remistilbud som blir avslått} ({Bedre er:} 42... Rxe6 43. Rxe6 Kc7 44. b4
Kd7 45. Re1) 43. Kd3 Kc7 44. Ra1 Kb7 45. Ke4 Rd5 46. Re7+ {
Fristende, men ikke det beste} (46. b4 {ville beholdt initiativet}) 46... R8d7
47. Rxd7+ Rxd7 48. Kf5 Re7 49. g5 (49. Kg6 Kb6 50. b4 a6) 49... fxg5 50. fxg5
hxg5 51. Kxg5 Re2 52. Rg1 Rxb2 53. Kg6 {Med klar remisstilling i følge Critter}
Re2 $4 {Tapstrekket} ({
Den enkle regelen "tårnet bak fribonden" gjelder til fulle:} 53... Rh2 {
og hvit kommer ingen vei} 54. Rg5 a5 55. Kxg7 a4 56. h6 a3 57. h7 a2 58. Rg1 b4
59. cxb4 Rg2+ 60. Rxg2 a1=Q 61. h8=Q Qxd4+ 62. Kh7 Qh4+ 63. Kg8 Qc4+ 64. Kg7 {
og hvit slipper ikke unna dronningsjakkene, med remis som resultat}) 54. Kxg7
Re7+ 55. Kf6 {og svart ga opp} 1-0

[Event "Klubbmesterskapet 2014 (A)"]
[Site "Ås, Akershus NOR"]
[Date "2014.02.06"]
[Round "3"]
[White "Moberg, Jan Rune"]
[Black "Lea, Per"]
[Result "1-0"]
[WhiteElo "1506"]
[BlackElo "1662"]
[Annotator "Lea, Per"]
[PlyCount "91"]
[EventDate "2014.01.16"]

1. Nf3 Nf6 2. c4 e6 3. d4 d5 4. g3 c5 5. dxc5 Bxc5 6. Bg2 Nc6 7. a3 dxc4 8. Qc2
Qb6 9. O-O Nd4 $2 (9... Qb3 10. Qxb3 cxb3 11. Nfd2 Na5 12. Nc3 Bd7 {
gir en ørliten fordel for svart, ifølge Critter 1.6}) 10. Nxd4 Bxd4 11. e3 Bc5
12. Qxc4 Bd7 13. b4 Be7 14. Nc3 Rc8 15. Qb3 Qc7 {
En simpel trussel som er lett å gardere.} (15... O-O {virker mer naturlig}) 16.
Bd2 (16. Bb2 {ser farligere ut}) 16... b5 17. Rac1 Qb6 18. e4 Bc6 19. Be3 Qb7
20. Qb1 (20. Nd5 {ser rart ut, men er sterkt:} Bd8 (20... exd5 21. exd5 Nxd5
22. Bxd5 Bxd5 23. Rxc8+ Kd7 24. Rd1 Rxc8 25. Rxd5+ Ke8 26. h3 (26. Qd3 $16))
21. Nxf6+ Bxf6 22. Bxa7 O-O (22... Qxa7 23. e5 {
og hvit får tilbake bonden med godt spill})) 20... O-O 21. h3 Rfd8 22. Rfe1 Nd7
23. f4 Nb6 24. Bf1 a6 25. Bf2 Rd2 26. Be3 Rd7 27. Bf2 Rcd8 28. e5 Nc4 29. Bxc4
bxc4 30. Ne4 Rd3 31. Rxc4 Bxe4 32. Rcxe4 {
Så langt var kombinasjonen grei, men fortsettelsen var overoptimistisk} Qxe4 $2
{Avvikler til et tapt sluttspill} (32... Rxa3 {
beholder en liten fordel for svart}) 33. Rxe4 Rd1+ 34. Re1 Rxb1 35. Rxb1 Rd3
36. Bc5 Bd8 $2 ({Hvit må slite for seieren etter} 36... Kf8) 37. a4 Rxg3+ 38.
Kh2 Ra3 $2 ({Hvit står best også etter} 38... Rc3 39. Bf2) 39. Rd1 (39. b5 {
ville gjort det enda enklere}) 39... Bh4 40. a5 Ra2+ 41. Kg1 Ra3 42. Rd6 $1 {
Nå er svart sjanseløs} g6 43. Rxa6 Bg3 $4 {
Tillater matt i 3 trekk, men hvit har andre planer...} 44. b5 ({
Holder i massevis, men hva er galt med:} 44. Ra8+ Kg7 45. Bf8+ Kg8 46. Bh6#)
44... Rc3 45. Ra8+ Kg7 46. Bf8+ {Matt er uunngåelig.} 1-0

[Event "Klubbmesterskapet 2014 (A)"]
[Site "Ås, Akershus NOR"]
[Date "2014.03.13"]
[Round "3"]
[White "Bakken, Svein-Erik"]
[Black "Lange, Holger"]
[Result "1/2-1/2"]
[WhiteElo "1408"]
[BlackElo "1634"]
[Annotator "Lea, Per"]
[PlyCount "85"]
[EventDate "2014.01.16"]

1. d4 Nf6 2. c4 e6 3. Nc3 Bb4 4. Qb3 c5 5. dxc5 Nc6 6. Bd2 Bxc5 7. e3 O-O 8.
Nf3 b6 9. Be2 Bb7 10. O-O Rc8 11. a3 Be7 12. Rac1 Na5 13. Qa2 d5 14. cxd5 Nxd5
15. b4 Nxc3 16. Bxc3 Nc6 17. Qb2 Bf6 18. Rfd1 Bxc3 19. Rxc3 Qe7 20. Rcd3 Nb8
21. Rd4 Qf6 22. Qd2 h6 23. Ne1 Bd5 24. e4 Nc6 25. exd5 Nxd4 26. Qxd4 Qxd4 27.
Rxd4 exd5 28. Rxd5 Rfe8 29. Kf1 Rc3 30. Rd3 Rec8 31. a4 Rc1 32. Bd1 Rb1 33. b5
g6 34. Ke2 Rcc1 35. Rd2 (35. Rd8+ Kg7 36. Nc2) 35... Kg7 36. Nd3 Rc7 37. Ne1
Re7+ 38. Kf1 Ra1 39. f3 h5 40. Kf2 Ra3 41. h3 h4 42. Kf1 Ra1 43. Kf2 1/2-1/2

[Event "Klubbmesterskapet 2014 (A)"]
[Site "Ås, Akershus NOR"]
[Date "2014.02.06"]
[Round "3"]
[White "Kielland-Lund, Jon"]
[Black "Flügel, Stefan"]
[Result "0-1"]
[WhiteElo "1609"]
[BlackElo "1681"]
[PlyCount "108"]
[EventDate "2014.01.16"]

1. c4 f5 2. d4 Nf6 3. Nf3 g6 4. Nc3 d6 5. Bf4 Bg7 6. Qc1 h6 7. h4 Nh5 8. Be3 e5
9. g3 Nc6 10. d5 Ne7 11. Qd2 b6 12. Bg2 Ba6 13. b3 Nf6 14. Rd1 Ng4 15. Qc1 Nxe3
16. Qxe3 O-O 17. Qc1 Qe8 18. e3 Qf7 19. Ne2 Rae8 20. Qa3 Bb7 21. Qxa7 Rb8 22.
Rf1 Qe8 23. Rg1 Qd7 24. Qa3 Ra8 25. Qb2 b5 26. Qc2 bxc4 27. bxc4 Qa4 28. Rd2
Rfb8 29. Nc1 Qxc2 30. Rxc2 Ra4 31. Kd2 Ba6 32. Bf1 Rbb4 33. c5 Bxf1 34. Rxf1 e4
35. cxd6 cxd6 36. Ng1 Nxd5 37. Nge2 Nb6 38. Rd1 Rc4 39. Rxc4 Rxc4 40. Ke1 Be5
41. Rd2 g5 42. hxg5 hxg5 43. Kd1 Na4 44. Rc2 Rb4 45. Rc7 Nc5 46. Kd2 Rb2+ 47.
Kd1 Nd3 48. a4 Nxf2+ 49. Ke1 Nd3+ 50. Nxd3 exd3 51. Nd4 Bxg3+ 52. Kd1 f4 53.
exf4 Bxf4 54. Ne6 Rb1+ 0-1

[Event "Klubbmesterskapet 2014 (A)"]
[Site "Ås, Akershus NOR"]
[Date "2014.02.06"]
[Round "3"]
[White "Holm, Bjarne"]
[Black "Høva, Frode"]
[Result "1/2-1/2"]
[WhiteElo "1447"]
[BlackElo "1540"]
[Annotator "Furnes, Torstein"]
[PlyCount "132"]
[EventDate "2014.01.16"]

1. Nf3 d6 2. d4 Nf6 3. g3 g6 4. Bg2 Bg7 5. O-O O-O 6. c4 c5 7. e3 cxd4 8. Nxd4
e5 9. Nb5 Ne8 10. Qb3 Nc6 11. Rd1 Be6 12. Bd5 Na5 13. Qb4 a6 14. Bxe6 axb5 15.
Bd5 bxc4 16. Na3 Nc7 17. e4 Nxd5 18. Rxd5 Nc6 19. Qxb7 Nd4 20. Nxc4 Qf6 21. Be3
Nc2 22. Rxd6 Qf3 23. Rad1 Nd4 24. Ra1 Nc2 (24... Ne2+ 25. Kf1 Nxg3+ 26. hxg3
Qh1+ 27. Ke2 Qxa1) 25. Rc1 Nxe3 26. Nxe3 Rab8 27. Qd5 Rxb2 28. Rc2 Rb1+ 29. Nd1
h5 30. Qd3 Qg4 31. Kg2 h4 32. h3 Qg5 33. Rc5 Rb4 34. a3 Rbb8 35. a4 hxg3 36.
Qxg3 Qe7 37. Qd3 Rbd8 38. Rcd5 Rxd6 39. Rxd6 Ra8 40. Nc3 Bf8 41. Rd7 (41. Rxg6+
fxg6 42. Qd5+ Kh7 43. Qxa8 Qg5+ 44. Kf3 Qh5+ 45. Ke3 Bc5+ 46. Kd2) 41... Qg5+
42. Qg3 Qxg3+ 43. Kxg3 Bb4 44. Nd5 Rxa4 45. Nxb4 Rxb4 46. f3 f5 47. exf5 gxf5
48. Re7 e4 49. f4 Rb6 50. Re5 Rf6 51. Kh4 Rh6+ 52. Kg5 Rxh3 53. Kxf5 {
Dermed er vi over i et 6-brikkers sluttspill. I databaser på internett kan man
som kjent finne fasiten på alle posisjoner som kan oppstå i slike sluttspill.
Et oppslag i databasen viser at partiet holder seg innenfor remisgrensen hele
tiden resten av partiet.} e3 54. Kg4 Rh1 55. Rxe3 Kf7 56. Re5 Rg1+ 57. Kf5 Ra1
58. Rc5 Ra7 59. Kg5 Rb7 60. f5 Ra7 61. Rc6 Rb7 62. f6 Ra7 63. Rd6 Rb7 64. Kf5
Rb5+ 65. Ke4 Ra5 66. Kf4 Rb5 1/2-1/2